| 000 | 01385nam0a2200385 4500 | ||
|---|---|---|---|
| 001 | RU\NLR\bibl\202751 | ||
| 005 | 20260406053515.0 | ||
| 010 |
_a5-04-006705-1 _bВ пер. _910100 |
||
| 020 |
_aRU _b01-29084 _9Книжная летопись |
||
| 021 |
_aRU _b2001-9284 _9446 |
||
| 035 | _a(NLR Aleph) 000199058 | ||
| 090 |
_a1153176 _c1153176 |
||
| 100 | _a20011112d2001 |||y0rusy50 ca | ||
| 101 | 1 |
_arus _ceng |
|
| 102 | _aRU | ||
| 105 | _ay ||||||||| | ||
| 200 | 1 |
_aРубиновый рыцарь _e[Фантаст. роман _eПер. с англ.] _fДэвид Эддингс |
|
| 210 |
_aМ. _cЭКСМО-Пресс _d2001 |
||
| 215 |
_a412 с. _d21 |
||
| 225 | 1 | _aЗнак Единорога | |
| 311 | _a2-я кн. трилогии "Хроники Элении" | ||
| 488 | 0 |
_12001#$aХроники Элении _tХроники Элении |
|
| 610 | 0 | _aФантастические романы и рассказы (х. л.) | |
| 675 |
_a821.111(73)-31Эддингс _v3 _zrus |
||
| 686 |
_a17.82 _2rugasnti |
||
| 686 |
_a84(7Сое)-44 _2rubbk |
||
| 686 | _aШ6(7США)67-445 | ||
| 700 | 1 |
_4070 _8rus _7ca _aЭддингс _bД. _f1931- _gДэвид _3RU\NLR\auth\778238 _9118150 |
|
| 801 | 0 |
_aRU _bRKP _c20011112 _gPSBO |
|
| 801 | 1 |
_aRU _bRKP _c20011112 |
|
| 801 | 2 |
_aRU _bNLR _c20040923 _grcr |
|
| 942 | _cBOOK | ||
| 980 | _aNB | ||